Estadísticas para Países en emojis: Asia-Pacífico y Asia Meridional

Haz click aquí para intentar la prueba.

Estadísticas generales

  • Esta prueba ha sido intentada 29 veces
  • La puntuación promedio es 13 de 20

Estadísticas de respuestas

Respuesta% Correcto
Australia
89%
China
89%
Corea del Norte
86%
Japón
86%
Corea del Sur
82%
Filipinas
82%
India
79%
Nueva Zelanda
79%
Nepal
75%
Vietnam
75%
Bután
68%
Indonesia
68%
Pakistán
61%
Camboya
50%
Tailandia
50%
Taiwán
50%
Malasia
43%
Mongolia
43%
Fiyi
39%
Sri Lanka
32%

Distribución de puntuación

Porcentaje por número respondido

Porcentaje de gente con cada puntuación

Historial de tus puntuaciones

No has intentado esta prueba.